• 首页
  • 本馆介绍
  • 公告通知
  • 最新文献
  • 馆藏检索
  • 电子资源
  • 读者导购
  • 参考咨询
  • 我的图书馆
  • 登录
  • 详细信息显示
  • 放入我的书架
  • 预约/预借图书
  • 作者相关作品
  • 分类相关作品
  • 丛书相关作品
  • 出版社相关作品

书目信息

  • 表格格式
  • 工作单格式
  • 卡片格式
题名:
名人论体育道德
    
 
作者: 蒲远祥 , 蒲远祥 编著
分册:  
出版信息: 成都   电子科技大学出版社  1993
页数: 342页
开本: 20cm
丛书名: 体育俱乐部
单 册:
中图分类: G803-53
科图分类:
主题词: 体育风格--文集 , 体育风格
电子资源:
ISBN: 7-81016-671-9
000 00875oam2 2200277 45
001 012006042801
005 20070106142642.46
010    @a7-81016-671-9@dCNY44.00
092    @aCN@b492502
100    @a20060428e20051993em y0chiy0120 ea
101 0  @achi
102    @aCN@b510000
105    @ay z 000yy
200 1  @a名人论体育道德@9ming ren lun ti yu dao de@f蒲远祥等编著@Fpu yuan xiang deng bian zhu
210    @a成都@c电子科技大学出版社@d1993@h2005重印
215    @a342页@d20cm
225 2  @a体育俱乐部
330    @a本书主要介绍了中国近代名人论体育道德;中国现代名人论体育道德;国外名人论体育道德等部分。
461  0 @12001 @a体育俱乐部
606 0  @a体育风格@j文集
606 0  @a体育风格
690    @aG803-53@v4
701  0 @a蒲远祥@9pu yuan xiang@4编著
701  0 @a蒲远祥@Apu yuan xiang@4编著
801  0 @aCN@bLZJBOOK@c20070106
905    @a10447@dG803-53@e243
    
    名人论体育道德/蒲远祥等编著.-成都:电子科技大学出版社,1993(2005重印)
    342页;20cm.-(体育俱乐部)
    
    
    ISBN 7-81016-671-9:CNY44.00
    本书主要介绍了中国近代名人论体育道德;中国现代名人论体育道德;国外名人论体育道德等部分。
●
相关链接 在E读中查询图书 在五车中查询图书 在当当中查询图书 在豆瓣中查询图书


正题名:名人论体育道德     索取号:G803-53/243         预约/预借

序号 登录号 条形码 馆藏地/架位号 状态 备注
1 0556538   205565388   第一样本阅览室/ [索取号:G803-53/243] 在馆    
2 0556539   205565397   第四借阅区/ [索取号:G803-53/243] 在馆    
3 0556540   205565404   第四借阅区/ [索取号:G803-53/243] 在馆    
4 0556541   205565413   密集书库/ [索取号:G803-53/243] 在馆    
5 0556542   205565422   密集书库/ [索取号:G803-53/243] 在馆    
6 0556543   205565431   密集书库/ [索取号:G803-53/243] 在馆    
7 0556544   205565440   密集书库/ [索取号:G803-53/243] 在馆    
8 0556545   205565459   第四借阅区/ [索取号:G803-53/243] 在馆    
唐山师范学院图书馆 欢迎您!
大连网信软件有限公司© 版权所有